NFC Champions - Statistics

General Stats
  • This quiz has been taken 108 times
    23 since last reset
  • The average score is 38 of 56
Answer Stats
Season Team % Correct
2024 Philadelphia Eagles
100%
2025 Seattle Seahawks
100%
2021 Los Angeles Rams
95%
2022 Philadelphia Eagles
95%
2016 Atlanta Falcons
90%
2015 Carolina Panthers
90%
2018 Los Angeles Rams
90%
2017 Philadelphia Eagles
90%
2023 San Francisco 49ers
90%
2014 Seattle Seahawks
90%
2020 Tampa Bay Buccaneers
90%
2011 New York Giants
85%
2019 San Francisco 49ers
85%
2013 Seattle Seahawks
85%
2010 Green Bay Packers
80%
2009 New Orleans Saints
80%
2008 Arizona Cardinals
75%
2006 Chicago Bears
75%
2007 New York Giants
75%
2012 San Francisco 49ers
75%
2005 Seattle Seahawks
75%
2001 St. Louis Rams
75%
1995 Dallas Cowboys
70%
1993 Dallas Cowboys
70%
1992 Dallas Cowboys
70%
1994 San Francisco 49ers
70%
2004 Philadelphia Eagles
65%
1999 St. Louis Rams
65%
2002 Tampa Bay Buccaneers
65%
2003 Carolina Panthers
60%
1985 Chicago Bears
60%
1997 Green Bay Packers
60%
1996 Green Bay Packers
60%
2000 New York Giants
60%
1990 New York Giants
60%
1991 Washington Redskins
60%
1998 Atlanta Falcons
55%
1978 Dallas Cowboys
55%
1977 Dallas Cowboys
55%
1973 Minnesota Vikings
55%
1989 San Francisco 49ers
55%
1988 San Francisco 49ers
55%
1987 Washington Redskins
55%
1975 Dallas Cowboys
50%
1971 Dallas Cowboys
50%
1970 Dallas Cowboys
50%
1976 Minnesota Vikings
50%
1974 Minnesota Vikings
50%
1986 New York Giants
50%
1984 San Francisco 49ers
50%
1983 Washington Redskins
50%
1982 Washington Redskins
50%
1972 Washington Redskins
50%
1979 Los Angeles Rams
45%
1980 Philadelphia Eagles
45%
1981 San Francisco 49ers
45%
No matching quizzes found
Score Distribution
Percent of People with Each Score
Percentile by Number Answered
Your Score History
You have not taken this quiz since the last reset